| 000 | 00865nam a22002417a 4500 | ||
|---|---|---|---|
| 001 | 4995 | ||
| 003 | FISKH | ||
| 005 | 20241030161044.0 | ||
| 008 | 241030b cb ||||| |||| 00| 0 eng d | ||
| 020 | _a691508923986 | ||
| 040 |
_aFISKH _beng _cFISKH _dFISKH |
||
| 050 | _aPR6068.O93 | ||
| 082 | _a823.914 | ||
| 100 | _aRowling, J.K | ||
| 245 |
_aHarry Potter and the Philosopher's Stone / _cby J.K. Rowling |
||
| 260 |
_aVancouver : _bRaincoast Books ; _c2000. |
||
| 300 |
_a223 pages : _billustrations ; _c21 cm . |
||
| 520 | _aHarry Potter thinks he is an ordinary boy - until he is rescued by a beetle-eyed giant of a man, enrols at Hogwarts School of Witchcraft and Wizardry, learns to play Quidditch and does battle in a deadly duel. | ||
| 650 |
_achildren's _vfiction |
||
| 700 |
_aWilson, Andrew _etranslator |
||
| 942 |
_2ddc _cBK _n0 |
||
| 999 |
_c4995 _d4995 |
||